| 000 | 00821nam a2200229 a 4500 | ||
|---|---|---|---|
| 001 | C01488750c-6 | ||
| 003 | CO-ViMGA | ||
| 005 | 20230915233139.0 | ||
| 008 | 150826s2012 sp gr 00010 spa d | ||
| 020 | _a9788493834562 | ||
| 040 |
_aCO-ViMGA _bspa _cCO-ViMGA |
||
| 082 | 0 | 4 |
_a851.15 _bB35m1 _219 |
| 100 | 1 |
_aBenigni, Roberto, _d1952- _94391 |
|
| 245 | 1 | 0 |
_aMi Dante / _cRoberto Benigni ; prólogo de Umberto Eco ; traducción de José Palacios. |
| 260 |
_a[Madrid?] : _bEditorial Confluencias, _c2012. |
||
| 300 |
_a216 páginas ; _c19 cm. |
||
| 490 | 1 |
_aColección Apeninos ; _v1 |
|
| 600 | 1 | 4 |
_aDante, Alighieri, _d1265-1321. _tDivina Comedia _x Crítica e interpretación. _94392 |
| 700 | 1 |
_aEco, Umberto, _d1932-, _eprologuista. _94393 |
|
| 700 | 1 |
_aPalacios, José, _etraductor. _94394 |
|
| 942 |
_2ddc _cBK |
||
| 999 |
_c35737 _d35737 |
||